Yahweh in Psalm 23

Saved in:  
Bibliographic Details
Main Author: Kuttianickal, Sebastian (Author)
Format: Print Article
Language:English
Check availability: HBZ Gateway
Interlibrary Loan:Interlibrary Loan for the Fachinformationsdienste (Specialized Information Services in Germany)
Published: 2011
In: Malabar theological review
Year: 2011, Volume: 6, Issue: 2, Pages: 152-161
IxTheo Classification:HB Old Testament
Further subjects:B Bible. Psalmen 23

MARC

LEADER 00000caa a22000002c 4500
001 1646403231
003 DE-627
005 20220609101535.0
007 tu
008 160405s2011 xx ||||| 00| ||eng c
035 |a (DE-627)1646403231 
035 |a (DE-576)46714561X 
035 |a (DE-599)BSZ46714561X 
040 |a DE-627  |b ger  |c DE-627  |e rakwb 
041 |a eng 
084 |a 1  |2 ssgn 
100 1 |a Kuttianickal, Sebastian  |4 aut 
245 1 0 |a Yahweh in Psalm 23 
264 1 |c 2011 
336 |a Text  |b txt  |2 rdacontent 
337 |a ohne Hilfsmittel zu benutzen  |b n  |2 rdamedia 
338 |a Band  |b nc  |2 rdacarrier 
630 0 7 |0 (DE-588)4207837-4  |0 (DE-627)105117137  |0 (DE-576)210182806  |a Bibel  |p Psalmen  |n 23  |2 gnd 
652 |a HB 
773 0 8 |i In  |t Malabar theological review  |d Kannur : Review, 2009  |g 6(2011), 2, Seite 152-161  |w (DE-627)608055174  |w (DE-600)2512572-2  |w (DE-576)310353203  |x 0974-8679  |7 nnas 
773 1 8 |g volume:6  |g year:2011  |g number:2  |g pages:152-161 
935 |a mteo 
951 |a AR 
BIB |a 1 
BIR |a 46023000_46023999  |b biblesearch 
ELC |b 1 
ITA |a 1  |t 1 
LOK |0 000 xxxxxcx a22 zn 4500 
LOK |0 001 3318342912 
LOK |0 003 DE-627 
LOK |0 004 1646403231 
LOK |0 005 20200514100731 
LOK |0 008 160404||||||||||||||||ger||||||| 
LOK |0 040   |a DE-Tue135  |c DE-627  |d DE-Tue135 
LOK |0 092   |o n 
LOK |0 852   |a DE-Tue135 
LOK |0 852 1  |9 00 
LOK |0 935   |a ixzs  |a ixmi 
LOK |0 936ln  |0 1442044128  |a HB 
LOK |0 939   |a 04-04-16  |b l01 
ORI |a SA-MARC-ixtheoa001.raw 
SUB |a BIB